| 000 | 00581nam a22001937a 4500 | ||
|---|---|---|---|
| 005 | 20170831151729.0 | ||
| 010 | _aENG-120199 | ||
| 020 |
_a9788193114797 _c650.00 |
||
| 035 | _aEN-103731 | ||
| 037 | _bDBAD/PUB | ||
| 082 | _a230.91 | ||
| 100 | _aYadav,Savita | ||
| 245 |
_aReligious tourism / _cby Savita Yadav |
||
| 260 |
_aNew Delhi _bPrakashan Kendra _c2016 |
||
| 270 |
_a1/11955,Ist Floor,Road N0-65,Subhash Marg,Shahdara _bDelhi _e110032 |
||
| 300 |
_a152p. _c23cm(Hb) |
||
| 500 | _aIncludes bibliographical references | ||
| 942 |
_2ddc _cEN _mYAD _h230.91 |
||
| 999 |
_c143974 _d143974 |
||